Estadísticas para Jugadores del Atletico de Madrid desde la temporada 2002-2003

Haz click aquí para intentar la prueba.

Estadísticas generales

  • Esta prueba ha sido intentada 155 veces
  • La puntuación promedio es 35 de 153

Estadísticas de respuestas

HintRespuesta% Correcto
EsloveniaOblak
83%
UruguayGiménez
79%
FranciaGriezmann
79%
UruguayGodín
76%
MontenegroSavic
74%
BélgicaCourtois
66%
UruguayForlán
66%
PortugalJoao Félix
66%
ArgentinaCorrea
65%
ColombiaFalcao
65%
ArgentinaKun Agüero
65%
BélgicaYannick Carrasco
64%
TurquíaArda Turan
63%
BrasilMiranda
63%
Brasil / EspañaDiego Costa
62%
UruguayLuis Suárez
59%
EspañaFernando Torres
58%
MozambiqueReinildo Mandava
56%
BrasilFilipe Luis
55%
Rep. CentroafricanaKondogbia
55%
EspañaGabi
54%
EspañaMorata
54%
EspañaHermoso
52%
InglaterraTrippier
52%
FranciaLemar
51%
CroaciaGrbic
49%
EspañaLlorente
47%
ArgentinaDe Paul
46%
BrasilFelipe
45%
EspañaVilla
45%
CroaciaVrsaljko
45%
PortugalTiago
44%
ColombiaJackson Martínez
43%
BrasilLodi
42%
EspañaMoyá
41%
ColombiaPerea
41%
MéxicoHéctor Herrera
39%
ArgentinaSimeone
39%
ItaliaCerci
37%
CroaciaMandzukic
37%
EspañaRodri
37%
DinamarcaWass
36%
UruguayCebolla Rodríguez
35%
EspañaRaúl García
35%
BrasilCunha
32%
PortugalSimao
32%
Rep. ChecaUjfalusi
32%
BrasilDiego Ribas
29%
EspañaDiego Rivas
29%
EspañaAdán
28%
BélgicaAlderweireld
27%
EspañaJuanfran Torres
27%
ColombiaArias
25%
BrasilPaulo Assunçao
25%
UruguayTorreira
25%
EspañaAranzubia
22%
EspañaMario Suárez
22%
MéxicoRaúl Jiménez
22%
ArgentinaVietto
22%
ArgentinaAugusto Fernández
21%
ArgentinaMaxi Rodríguez
21%
EspañaAsenjo
20%
FranciaGameiro
20%
EspañaReyes
20%
ArgentinaLeo Franco
19%
EspañaAdrián López
18%
ArgentinaDemichelis
17%
CroaciaKalinic
17%
EspañaVitolo
17%
ArgentinaGaitán
16%
ArgentinaKranevitter
16%
EspañaPablo Ibañez
16%
SerbiaSaponjic
16%
EspañaSergi
16%
PortugalSiqueira
16%
PortugalDiogo Jota
15%
FranciaLecomte
15%
PortugalManiche
15%
Argentina / EspañaPernía
14%
FranciaSinama-Pongolle
13%
RumaníaCosmin Contra
12%
ArgentinaSalvio
12%
PortugalGelson Martins
11%
BrasilBaptistao
10%
TurquíaEmre
10%
Países BajosHeitinga
10%
EspañaJurado
10%
GreciaSeitaridis
10%
ColombiaBorré
9%
ArgentinaCata Díaz
9%
ArgentinaJose Sosa
9%
FranciaMoussa Dembelé
9%
PortugalPizzi
9%
EspañaValera
9%
ItaliaAbbiati
8%
ArgentinaAnsaldi
8%
EspañaCani
8%
BrasilCleber Santana
8%
SerbiaKezman
8%
FranciaLuccin
8%
BrasilMarcos Paulo
8%
ArgentinaWerner
8%
PortugalCostinha
7%
FranciaCoupet
7%
BrasilElías
7%
EspañaGámez
7%
ArgentinaNehuén Pérez
7%
EspañaCisma
6%
FranciaGuilavogui
6%
ArgentinaIbagaza
6%
ArgentinaInsúa
6%
EspañaMista
6%
Brasil / ItaliaMotta
6%
ItaliaAlbertini
5%
EspañaLuis Garcia
5%
RD CongoMusampa
5%
PortugalSilvio
5%
EspañaFran Mérida
4%
BulgariaMartin Petrov
4%
ArgentinaBanega
3%
Brasil / PortugalEmerson
3%
ArgentinaGalletti
3%
EspañaJonny Otto
3%
UruguayMarcelo Sosa
3%
GreciaNikolaidis
3%
EspañaSalva Ballesta
3%
PortugalZe Castro
3%
UruguayCabrera
2%
España
Javi Moreno
2%
BrasilEller
2%
EspañaEsteban
2%
DinamarcaGrönjkaer
2%
EspañaJose Mari
2%
EspañaJuanma
2%
GhanaMensah
2%
PortugalMoreira
2%
EspañaRoberto
2%
PortugalRuben Micael
2%
SerbiaStankovic
2%
ArgentinaColoccini
1%
EspañaDani Pacheco
1%
UruguayDe los Santos
1%
EspañaGaspar
1%
ArgentinaMatias Lequi
1%
EspañaMiguel de las Cuevas
1%
EspañaNano
1%
ArgentinaPinola
1%
EspañaVelasco
1%
UruguayVelázquez
1%
EspañaAlvaro Novo
0%
UruguayOlivera
0%
UruguayRichard Nuñez
0%
BrasilRodrigo Fabri
0%

Distribución de puntuación

Porcentaje por número respondido

Porcentaje de gente con cada puntuación

Historial de tus puntuaciones

No has intentado esta prueba.